[Event "Kaunas Butnorius 70 op"]
[Site "Kaunas"]
[Date "2016.08.07"]
[Round "9"]
[White "Vager, Boris"]
[Black "Grib, Roman"]
[Result "0-1"]
[WhiteElo "2117"]
[BlackElo "2408"]
[PlyCount "74"]
[EventDate "2016.08.01"]
[EventType "swiss"]
[EventRounds "9"]
[EventCountry "LTU"]
[SourceTitle "CBM 173 Extra"]
[Source "ChessBase"]
[SourceDate "2016.08.29"]
[SourceVersion "1"]
[SourceVersionDate "2016.08.29"]
[SourceQuality "1"]

1. d4 Nf6 2. Nf3 b6 3. Bf4 Bb7 4. e3 g6 5. h3 Bg7 6. Nbd2 0-0 7. Be2 c5 8. c3 d6 9. 0-0 Nc6 10. Re1 Re8 11. Bh2 e5 12. dxe5 dxe5 13. e4 Qc7 14. Qc2 Nh5 15. Rad1 Nf4 16. Bf1 Rad8 17. Nc4 b5 18. Ne3 c4 19. Bxf4 exf4 20. Nd5 Qb8 21. Qc1 Ne5 22. Qxf4 Nxf3+ 23. Qxf3 f5 24. Qf4 Qxf4 25. Nxf4 Bxe4 26. Rxd8 Rxd8 27. Ne6 Rd2 28. Nxg7 Kxg7 29. a4 bxa4 30. Bxc4 Rxb2 31. f3 Rb1 32. Rxb1 Bxb1 33. Kf2 Kf6 34. Ke2 Bc2 35. Kd2 Bb3 36. Bxb3 axb3 37. c4 a5 0-1

[Event "Kaunas Butnorius 70 op"]
[Site "Kaunas"]
[Date "2016.08.02"]
[Round "2"]
[White "Karasev, Vladimir I"]
[Black "Vager, Boris"]
[Result "1-0"]
[WhiteElo "2367"]
[BlackElo "2117"]
[PlyCount "89"]
[EventDate "2016.08.01"]
[EventType "swiss"]
[EventRounds "9"]
[EventCountry "LTU"]
[SourceTitle "CBM 173 Extra"]
[Source "ChessBase"]
[SourceDate "2016.08.29"]
[SourceVersion "1"]
[SourceVersionDate "2016.08.29"]
[SourceQuality "1"]

1. Nf3 e6 2. g3 f5 3. Bg2 Nf6 4. 0-0 Be7 5. d3 0-0 6. Nc3 Nc6 7. e4 fxe4 8. dxe4 e5 9. Nd5 d6 10. Nxe7+ Qxe7 11. c3 Kh8 12. Nh4 Be6 13. Nf5 Qd7 14. Ne3 Ne7 15. c4 Bh3 16. Qd3 Bxg2 17. Kxg2 Rf7 18. f3 Raf8 19. Bd2 b6 20. b4 Nc6 21. Bc3 a5 22. a3 axb4 23. axb4 h6 24. b5 Nd8 25. Ra8 Ne6 26. Rxf8+ Rxf8 27. Nd5 Ng5 28. Nxf6 Qh3+ 29. Kg1 gxf6 30. f4 exf4 31. Rxf4 Qe6 32. g4 Kg8 33. h4 Nh7 34. Qd5 Qxd5 35. cxd5 Rf7 36. Kf2 Kf8 37. Rf5 Ke7 38. Bd2 Nf8 39. Bxh6 Ng6 40. Kg3 Ne5 41. Rf4 Rh7 42. g5 fxg5 43. Bxg5+ Kd7 44. Rf8 Nf7 45. Bf6 1-0

[Event "EU-ch Seniors 12th"]
[Site "Kaunas"]
[Date "2012.08.24"]
[Round "7"]
[White "Hecht, Hans Joachim"]
[Black "Vager, Boris"]
[Result "1-0"]
[WhiteElo "2357"]
[BlackElo "2112"]
[PlyCount "91"]
[EventDate "2012.08.18"]
[EventType "swiss"]
[EventRounds "9"]
[EventCountry "LTU"]
[SourceTitle "CBM 150 Extra"]
[Source "ChessBase"]
[SourceDate "2012.10.19"]
[SourceVersion "1"]
[SourceVersionDate "2012.10.19"]
[SourceQuality "1"]

1. d4 e6 2. e4 d5 3. Nc3 dxe4 4. Nxe4 Nd7 5. Nf3 Ngf6 6. Nxf6+ Nxf6 7. Bd3 Be7 8. Qe2 0-0 9. Bg5 Re8 10. 0-0-0 Nd7 11. h4 Nf8 12. Kb1 a6 13. Bc1 c6 14. g4 Qc7 15. g5 Bd6 16. Rde1 Bf4 17. Ne5 Bxc1 18. Kxc1 Qe7 19. f4 Bd7 20. h5 f6 21. gxf6 Qxf6 22. Qe4 Rad8 23. h6 g6 24. Ng4 Qh8 25. Bc4 c5 26. Ne5 cxd4 27. f5 Qf6 28. Rhf1 gxf5 29. Rxf5 Qxh6+ 30. Kb1 Re7 31. Qxd4 Rg7 32. Ref1 Re8 33. Ng4 Rxg4 34. Qxg4+ Ng6 35. Rf6 Qg7 36. Bxe6+ Bxe6 37. Rxe6 Rf8 38. Rxf8+ Qxf8 39. b3 Qf7 40. Rd6 Qf1+ 41. Kb2 Qb5 42. Rd8+ Kg7 43. Qd7+ Kf6 44. Qd4+ Qe5 45. Rd6+ Kg7 46. Rxg6+ 1-0

[Event "RUS-ch Seniors"]
[Site "Odintsovo"]
[Date "2011.04.25"]
[Round "7"]
[White "Vager, Boris"]
[Black "Filin, Alexander"]
[Result "0-1"]
[WhiteElo "2122"]
[BlackElo "2190"]
[PlyCount "84"]
[EventDate "2011.04.19"]
[EventType "swiss"]
[EventRounds "9"]
[EventCountry "RUS"]
[SourceTitle "CBM 142 Extra"]
[Source "ChessBase"]
[SourceDate "2011.06.27"]
[SourceVersion "1"]
[SourceVersionDate "2011.06.27"]
[SourceQuality "1"]

1. d4 Nf6 2. Nf3 e6 3. Bf4 b6 4. e3 Bb7 5. Nbd2 Be7 6. h3 c5 7. c3 h6 8. Bd3 d6 9. Qe2 Nc6 10. 0-0 g5 11. Bh2 g4 12. hxg4 Nxg4 13. Ba6 Bxa6 14. Qxa6 Qd7 15. Rfd1 Nxh2 16. Nxh2 cxd4 17. exd4 d5 18. Ndf3 Qc7 19. Re1 Rg8 20. Qe2 0-0-0 21. Ne5 Nxe5 22. dxe5 Kb8 23. Kh1 Rg6 24. Rg1 Rdg8 25. Rae1 Bc5 26. b4 Bf8 27. Qe3 Rg5 28. g4 Be7 29. f4 R5g6 30. Qf3 Qc4 31. Rg2 Bd8 32. Ree2 Bc7 33. a4 a6 34. Rgf2 f6 35. Rf1 h5 36. gxh5 Rg3 37. Qf2 fxe5 38. fxe5 d4 39. Re4 Bxe5 40. cxd4 Qd5 41. Rfe1 Bd6 42. h6 Rh3 0-1

[Event "RUS-ch Seniors"]
[Site "Odintsovo"]
[Date "2011.04.22"]
[Round "4"]
[White "Beznosikov, Vladimir"]
[Black "Vager, Boris"]
[Result "1-0"]
[WhiteElo "2323"]
[BlackElo "2122"]
[PlyCount "89"]
[EventDate "2011.04.19"]
[EventType "swiss"]
[EventRounds "9"]
[EventCountry "RUS"]
[SourceTitle "CBM 142 Extra"]
[Source "ChessBase"]
[SourceDate "2011.06.27"]
[SourceVersion "1"]
[SourceVersionDate "2011.06.27"]
[SourceQuality "1"]

1. e4 c5 2. Nf3 e6 3. d4 cxd4 4. Nxd4 Nf6 5. Bd3 Nc6 6. Nxc6 bxc6 7. 0-0 d5 8. Qe2 Nxe4 9. Bxe4 dxe4 10. Qxe4 Qd5 11. Qa4 Qb5 12. Nc3 Qxa4 13. Nxa4 Ba6 14. Re1 Bb5 15. Nc3 Be7 16. Be3 0-0 17. Ne4 a5 18. a4 Ba6 19. Rad1 Bc8 20. Bc5 Bxc5 21. Nxc5 Ra7 22. f4 h6 23. Rd6 Rc7 24. Kf2 Kh7 25. Re5 g6 26. Nb3 f6 27. Rxa5 e5 28. Rc5 exf4 29. Rcxc6 Rxc6 30. Rxc6 Bf5 31. Nd4 Be4 32. Rc7+ Kg8 33. Ne6 Rb8 34. b3 g5 35. Nc5 f5 36. a5 Rd8 37. Nxe4 fxe4 38. a6 Rd2+ 39. Ke1 Rxg2 40. a7 Rg1+ 41. Kd2 Ra1 42. Rc8+ Kg7 43. a8Q Rxa8 44. Rxa8 Kg6 45. b4 1-0

[Event "EU-chT Seniors 12th"]
[Site "Dresden"]
[Date "2010.02.13"]
[Round "4"]
[White "Vager, Boris"]
[Black "Zunker, Reinhard"]
[Result "1/2-1/2"]
[WhiteElo "2126"]
[BlackElo "2160"]
[PlyCount "34"]
[EventDate "2010.02.10"]
[EventType "team-swiss"]
[EventRounds "9"]
[EventCountry "GER"]
[SourceTitle "CBM 134 Extra"]
[Source "ChessBase"]
[SourceDate "2010.03.03"]
[SourceVersion "1"]
[SourceVersionDate "2010.03.03"]
[SourceQuality "1"]
[WhiteTeam "St Petersburg (Seniors)"]
[BlackTeam "Hessen (Seniors)"]
[WhiteTeamCountry "RUS"]
[BlackTeamCountry "GER"]

1. d4 Nf6 2. Nf3 g6 3. Bf4 Bg7 4. e3 d6 5. Bc4 c5 6. c3 0-0 7. Nbd2 b6 8. 0-0 Bb7 9. h3 a6 10. a4 Nc6 11. Qe2 Re8 12. Bh2 e5 13. dxe5 dxe5 14. Rfd1 Qc7 15. Ng5 Re7 16. Nde4 Nxe4 17. Nxe4 Na5 1/2-1/2

[Event "RUS-ch Seniors"]
[Site "Lesnoj Gorodok"]
[Date "2009.10.03"]
[Round "1"]
[White "Vager, Boris"]
[Black "Ostrovsky, Alexander"]
[Result "1/2-1/2"]
[WhiteElo "2125"]
[BlackElo "2372"]
[PlyCount "50"]
[EventDate "2009.10.03"]
[EventType "swiss"]
[EventRounds "9"]
[EventCountry "RUS"]
[SourceTitle "CBM 132 Extra"]
[Source "ChessBase"]
[SourceDate "2009.11.03"]
[SourceVersion "1"]
[SourceVersionDate "2009.11.03"]
[SourceQuality "1"]

1. d4 c5 2. c3 Nf6 3. Nf3 e6 4. Bf4 Nc6 5. e3 d5 6. Nbd2 Be7 7. h3 0-0 8. Be2 b6 9. 0-0 Bb7 10. Re1 Bd6 11. Bxd6 Qxd6 12. a4 a6 13. Bd3 e5 14. dxe5 Nxe5 15. Nxe5 Qxe5 16. Nf3 Qc7 17. Qc2 Rfe8 18. Rad1 Ne4 19. c4 dxc4 20. Bxc4 Nf6 21. Ng5 Re7 22. e4 Qe5 23. Nxf7 Rxf7 24. Qb3 Raf8 25. Qxb6 Qe7 1/2-1/2

[Event "RUS-ch Seniors"]
[Site "Odintsovo"]
[Date "2008.10.09"]
[Round "7"]
[White "Skokov, Boris"]
[Black "Vager, Boris"]
[Result "1/2-1/2"]
[WhiteElo "2102"]
[BlackElo "2127"]
[PlyCount "75"]
[EventDate "2008.10.02"]
[EventType "swiss"]
[EventRounds "9"]
[EventCountry "RUS"]
[SourceTitle "CBM 127 Extra"]
[Source "ChessBase"]
[SourceDate "2009.01.08"]
[SourceVersion "2"]
[SourceVersionDate "2009.01.28"]
[SourceQuality "1"]

1. e4 c5 2. Nf3 e6 3. d4 cxd4 4. Nxd4 Nf6 5. Nc3 Nc6 6. Nxc6 bxc6 7. e5 Nd5 8. Ne4 Qa5+ 9. c3 Ba6 10. Bd3 Nc7 11. f4 Qd5 12. Bxa6 Qxd1+ 13. Kxd1 Nxa6 14. Be3 Be7 15. Kc2 f5 16. Nf2 Bc5 17. Bxc5 Nxc5 18. b4 Na6 19. Nd3 Ke7 20. a4 Rhc8 21. Rhd1 Rc7 22. Rab1 Rac8 23. g3 c5 24. b5 c4 25. bxa6 cxd3+ 26. Rxd3 Rc6 27. Rb7 R8c7 28. Rxc7 Rxc7 29. Rd6 Rc6 30. Rxc6 dxc6 31. Kd3 Kd7 32. Kc4 Kc7 33. a5 Kd7 34. Kd4 Ke7 35. h3 Kd7 36. Ke3 Ke7 37. g4 g6 38. g5 1/2-1/2

[Event "RUS-ch Seniors"]
[Site "Odintsovo"]
[Date "2008.10.07"]
[Round "5"]
[White "Nikitinyh, Boris Aleksandrovic"]
[Black "Vager, Boris"]
[Result "1-0"]
[WhiteElo "2215"]
[BlackElo "2127"]
[PlyCount "63"]
[EventDate "2008.10.02"]
[EventType "swiss"]
[EventRounds "9"]
[EventCountry "RUS"]
[SourceTitle "CBM 127 Extra"]
[Source "ChessBase"]
[SourceDate "2009.01.08"]
[SourceVersion "2"]
[SourceVersionDate "2009.01.28"]
[SourceQuality "1"]

1. e4 c5 2. Nf3 e6 3. Nc3 Nc6 4. d4 cxd4 5. Nxd4 Nf6 6. g3 Bb4 7. Bg2 Qa5 8. 0-0 Bxc3 9. bxc3 0-0 10. Be3 h6 11. c4 Ne5 12. Nb3 Qc7 13. Bc5 Nxc4 14. Bxf8 Kxf8 15. Qd4 e5 16. Qc3 d6 17. a4 Ne8 18. a5 Be6 19. Nd2 Rc8 20. Nxc4 Bxc4 21. Rfb1 Ba6 22. Qxc7 Nxc7 23. Bf1 Rb8 24. Bd3 Bxd3 25. cxd3 Na6 26. Kf1 Nc5 27. Ke2 Ke7 28. f4 f6 29. Ke3 Rc8 30. Rb4 Rc7 31. Rc1 Rc6 32. Rxb7+ 1-0

[Event "St Petersburg White Nights op"]
[Site "St Petersburg"]
[Date "2007.06.29"]
[Round "5"]
[White "Vager, Boris"]
[Black "Serov, Maksim"]
[Result "0-1"]
[WhiteElo "2142"]
[BlackElo "2265"]
[PlyCount "116"]
[EventDate "2007.06.25"]
[EventType "swiss"]
[EventRounds "9"]
[EventCountry "RUS"]
[SourceTitle "CBM 119 Extra"]
[Source "ChessBase"]
[SourceDate "2007.09.04"]
[SourceVersion "1"]
[SourceVersionDate "2007.09.04"]
[SourceQuality "1"]

1. d4 Nf6 2. Nf3 b6 3. Bf4 Bb7 4. e3 g6 5. Nbd2 Bg7 6. Bc4 d6 7. 0-0 Nh5 8. Bg5 h6 9. Bh4 g5 10. Bg3 e6 11. Ne1 Nxg3 12. hxg3 Nd7 13. c3 Qe7 14. a4 a6 15. Be2 0-0 16. Bf3 d5 17. Nd3 f5 18. g4 Rad8 19. a5 bxa5 20. Nb3 c6 21. Nbc5 Nxc5 22. Nxc5 Bc8 23. Re1 Qf7 24. Nd3 Qc7 25. Qe2 Rf7 26. Rf1 h5 27. g3 hxg4 28. Bg2 Bf6 29. Rfd1 Rh7 30. Ne1 Kg7 31. Qd2 e5 32. dxe5 Qxe5 33. Kf1 Rdh8 34. Nd3 Qc7 35. Ke2 Rh2 36. Rg1 Bb7 37. b4 Bc8 38. Rac1 Be6 39. Kf1 Bf7 40. Ke2 Bg6 41. Kf1 Qd6 42. Ke2 Qe7 43. Kf1 Qe8 44. Re1 Qc8 45. Rc1 Be7 46. Ke2 Bd6 47. Kf1 Qe8 48. Re1 Qf7 49. Re2 Qf6 50. Re1 Qe7 51. Re2 Kf7 52. Re1 R8h6 53. Re2 Rh7 54. Ne1 Be5 55. Qc1 Rh8 56. e4 fxe4 57. Qxg5 Qf6 58. Qxg4 Bf5 0-1

[Event "St Petersburg White Nights op"]
[Site "St Petersburg"]
[Date "2007.06.27"]
[Round "3"]
[White "Vager, Boris"]
[Black "Markevich, Ilya"]
[Result "1/2-1/2"]
[WhiteElo "2142"]
[BlackElo "2022"]
[PlyCount "67"]
[EventDate "2007.06.25"]
[EventType "swiss"]
[EventRounds "9"]
[EventCountry "RUS"]
[SourceTitle "CBM 119 Extra"]
[Source "ChessBase"]
[SourceDate "2007.09.04"]
[SourceVersion "1"]
[SourceVersionDate "2007.09.04"]
[SourceQuality "1"]

1. d4 d5 2. Nf3 c5 3. c3 Nc6 4. Bf4 Nf6 5. e3 Qb6 6. Qb3 c4 7. Qxb6 axb6 8. Be2 Bf5 9. 0-0 h6 10. h3 e6 11. Nbd2 Be7 12. a3 0-0 13. Ne5 Nxe5 14. Bxe5 Nd7 15. Bh2 b5 16. Rfe1 Nb6 17. Bd1 b4 18. Bg4 Bxg4 19. hxg4 bxc3 20. bxc3 Na4 21. e4 Nxc3 22. exd5 Bf6 23. dxe6 fxe6 24. Be5 b5 25. Nf3 Be7 26. Bg3 Bxa3 27. Rxe6 b4 28. Bd6 Rfe8 29. Re5 Rxe5 30. Nxe5 Rc8 31. Bc5 Ne2+ 32. Kf1 Bb2 33. Rb1 c3 34. Nd3 1/2-1/2

[Event "Rewal op 11th"]
[Site "Rewal"]
[Date "2006.08.28"]
[Round "10"]
[White "Kazmierczak, Marcin"]
[Black "Vager, Boris"]
[Result "1/2-1/2"]
[WhiteElo "1996"]
[BlackElo "2142"]
[PlyCount "47"]
[EventDate "2006.08.21"]
[EventType "swiss"]
[EventRounds "11"]
[EventCountry "POL"]
[SourceTitle "EXT 2010"]
[Source "ChessBase"]
[SourceDate "2010.11.25"]
[SourceVersion "1"]
[SourceVersionDate "2010.11.25"]
[SourceQuality "1"]

1. d4 e6 2. Nf3 f5 3. c4 Nf6 4. Nc3 Be7 5. g3 0-0 6. Bg2 d6 7. 0-0 Qe8 8. Re1 Qg6 9. Nh4 Qf7 10. Nf3 Qg6 11. Nh4 Qh5 12. e3 Qxd1 13. Rxd1 c6 14. f4 a5 15. Nf3 Nbd7 16. b3 Ne4 17. Bb2 Ndf6 18. Nxe4 Nxe4 19. Nd2 Nxd2 20. Rxd2 Bd7 21. a3 Ra7 22. Rc1 Rb8 23. Bf1 Kf7 24. Kf2 1/2-1/2

[Event "Rewal op 11th"]
[Site "Rewal"]
[Date "2006.08.27"]
[Round "9"]
[White "Vager, Boris"]
[Black "Baumann, Dariusz"]
[Result "0-1"]
[WhiteElo "2142"]
[BlackElo "2051"]
[PlyCount "122"]
[EventDate "2006.08.21"]
[EventType "swiss"]
[EventRounds "11"]
[EventCountry "POL"]
[SourceTitle "EXT 2010"]
[Source "ChessBase"]
[SourceDate "2010.11.25"]
[SourceVersion "1"]
[SourceVersionDate "2010.11.25"]
[SourceQuality "1"]

1. d4 d5 2. Nf3 Nf6 3. Bf4 Bf5 4. e3 e6 5. Bd3 Bd6 6. Bxf5 exf5 7. Bxd6 Qxd6 8. 0-0 Nbd7 9. Qd3 g6 10. c4 c6 11. Nc3 dxc4 12. Qxc4 0-0 13. h3 h6 14. Rfd1 Rfe8 15. Qb3 b6 16. Qc2 Rac8 17. Rac1 Kg7 18. a3 a5 19. a4 Qe6 20. b3 Ne4 21. Qb2 Qf6 22. b4 axb4 23. Qxb4 c5 24. Qb5 cxd4 25. Nxe4 fxe4 26. Rxc8 Rxc8 27. Qxd7 Rd8 28. Qg4 exf3 29. Qxf3 Qxf3 30. gxf3 d3 31. Kf1 Kf6 32. Ke1 Kg5 33. Kd2 Kh4 34. Rh1 Ra8 35. Kxd3 Rxa4 36. f4 Ra2 37. Rh2 Ra1 38. Kc2 Rg1 39. Kb2 f5 40. Kc2 g5 41. fxg5 hxg5 42. Kd3 b5 43. Kc3 f4 44. exf4 gxf4 45. Kd4 Re1 46. Kc5 f3 47. Kxb5 Rg1 48. Kc4 Rg2 49. Rh1 Rxf2 50. Rg1 Rd2 51. Kc3 Rd6 52. Rg7 Kxh3 53. Rh7+ Kg2 54. Rg7+ Kf1 55. Rf7 f2 56. Kc2 Rd5 57. Rf6 Kg2 58. Rg6+ Kf3 59. Rf6+ Kg3 60. Kc1 Rd4 61. Rg6+ Rg4 0-1

[Event "Rewal op 11th"]
[Site "Rewal"]
[Date "2006.08.21"]
[Round "2"]
[White "Bronowicki, Mateusz"]
[Black "Vager, Boris"]
[Result "1/2-1/2"]
[WhiteElo "2338"]
[BlackElo "2142"]
[PlyCount "44"]
[EventDate "2006.08.21"]
[EventType "swiss"]
[EventRounds "11"]
[EventCountry "POL"]
[SourceTitle "EXT 2010"]
[Source "ChessBase"]
[SourceDate "2010.11.25"]
[SourceVersion "1"]
[SourceVersionDate "2010.11.25"]
[SourceQuality "1"]

1. d4 e6 2. c4 f5 3. Nc3 Nf6 4. Nf3 d6 5. g3 Be7 6. Bg2 0-0 7. 0-0 Qe8 8. b3 Qh5 9. Re1 Ne4 10. Nxe4 fxe4 11. Nd2 d5 12. f3 Bf6 13. Bb2 Nc6 14. fxe4 Nxd4 15. Nf1 c5 16. exd5 exd5 17. Bxd5+ Kh8 18. Ne3 Bh3 19. Ng2 Bg4 20. Nf4 Qf5 21. Qd2 Rae8 22. e3 Qc2 1/2-1/2

[Event "Rewal op 11th"]
[Site "Rewal"]
[Date "2006.08.21"]
[Round "1"]
[White "Vager, Boris"]
[Black "Wach, Bartosz"]
[Result "1-0"]
[WhiteElo "2142"]
[BlackElo "1711"]
[PlyCount "57"]
[EventDate "2006.08.21"]
[EventType "swiss"]
[EventRounds "11"]
[EventCountry "POL"]
[SourceTitle "EXT 2010"]
[Source "ChessBase"]
[SourceDate "2010.11.25"]
[SourceVersion "1"]
[SourceVersionDate "2010.11.25"]
[SourceQuality "1"]

1. d4 d5 2. Nf3 Nf6 3. Bf4 g6 4. e3 Bg7 5. h3 0-0 6. Bd3 b6 7. 0-0 Nbd7 8. Nbd2 c5 9. c3 Bb7 10. Re1 Ne4 11. Qe2 Nxd2 12. Qxd2 c4 13. Bc2 Nf6 14. Qe2 Re8 15. Nd2 Nd7 16. e4 e5 17. dxe5 Bxe5 18. Qf3 dxe4 19. Bxe4 Bxe4 20. Nxe4 Qc7 21. Nf6+ Nxf6 22. Bxe5 Rxe5 23. Qxa8+ Kg7 24. Rxe5 Qxe5 25. Qf3 Qb5 26. Qe2 Nd5 27. g3 Qc5 28. Rd1 b5 29. Qe5+ 1-0

[Event "Kochan Memorial op-A 16th"]
[Site "Koszalin"]
[Date "2005.08.??"]
[Round "3"]
[White "Czakon, Jakub"]
[Black "Vager, Boris"]
[Result "1-0"]
[WhiteElo "2461"]
[BlackElo "2201"]
[PlyCount "73"]
[EventDate "2005.08.??"]
[EventType "swiss"]
[EventRounds "10"]
[EventCountry "POL"]
[SourceTitle "EXT 2006"]
[Source "ChessBase"]
[SourceDate "2005.11.24"]
[SourceVersion "1"]
[SourceVersionDate "2005.11.24"]
[SourceQuality "1"]

1. d4 e6 2. c4 f5 3. Nf3 Nf6 4. Nc3 Be7 5. g3 0-0 6. Bg2 d6 7. 0-0 Qe8 8. b3 Qh5 9. Ba3 Re8 10. e3 c6 11. d5 exd5 12. cxd5 c5 13. b4 cxb4 14. Bxb4 Na6 15. Ba3 Bd7 16. Rb1 b6 17. Nd4 Qxd1 18. Rfxd1 Nc7 19. Rbc1 Rec8 20. Bh3 g6 21. Nc6 Bf8 22. Bg2 Be8 23. h3 Bf7 24. Bf3 Re8 25. g4 fxg4 26. hxg4 g5 27. Nd4 h5 28. gxh5 g4 29. Bg2 Bxh5 30. Nce2 Rac8 31. Nf4 Bf7 32. Nf5 Red8 33. Bb2 Nce8 34. Ne6 Rxc1 35. Rxc1 Rb8 36. Nxf8 Kxf8 37. Nxd6 1-0

[Event "Kochan Memorial op-A 16th"]
[Site "Koszalin"]
[Date "2005.08.??"]
[Round "4"]
[White "Mazurkiewicz, Michal"]
[Black "Vager, Boris"]
[Result "1/2-1/2"]
[WhiteElo "2124"]
[BlackElo "2201"]
[PlyCount "98"]
[EventDate "2005.08.??"]
[EventType "swiss"]
[EventRounds "10"]
[EventCountry "POL"]
[SourceTitle "EXT 2006"]
[Source "ChessBase"]
[SourceDate "2005.11.24"]
[SourceVersion "1"]
[SourceVersionDate "2005.11.24"]
[SourceQuality "1"]

1. e4 c5 2. Nf3 e6 3. d3 d5 4. Nbd2 Nc6 5. g3 Nf6 6. Bg2 dxe4 7. dxe4 Be7 8. 0-0 0-0 9. c3 Qc7 10. Qc2 h6 11. Nc4 e5 12. Ne3 Be6 13. Nh4 Rfd8 14. Rd1 Rxd1+ 15. Qxd1 Rd8 16. Qf3 Qd7 17. b3 Bg4 18. Nxg4 Qd1+ 19. Bf1 Qxf3 20. Nxf3 Nxg4 21. Ba3 a6 22. Re1 Nf6 23. Bc1 Bf8 24. Nh4 g6 25. f3 Kg7 26. Ng2 Ne8 27. Ne3 Nc7 28. Rd1 Rxd1 29. Nxd1 f6 30. Ne3 h5 31. Ba3 Kf7 32. Bc4+ Ke8 33. Nd5 Nxd5 34. Bxd5 Nd8 35. f4 Bd6 36. Bc1 Ke7 37. Kf2 b5 38. f5 g5 39. h4 g4 40. Bg8 Nf7 41. c4 b4 42. Bh7 Nh8 43. Bg8 Nf7 44. a3 a5 45. axb4 axb4 46. Bh7 Nh8 47. Bg8 Nf7 48. Ke2 Kf8 49. Bxf7 Kxf7 1/2-1/2